[Event "Tradewise Gibraltar Chess Festival 2013"]
[Site "Gibraltar ENG"]
[Date "2013.01.31"]
[Round "10.100"]
[White "Neumanova, Monika"]
[Black "Hamer, Martyn"]
[Result "0-1"]
[WhiteElo "1701"]
[BlackElo "2025"]
[PlyCount "76"]
[EventDate "2013.01.22"]
[EventType "swiss"]
[EventRounds "10"]
[EventCountry "ENG"]
[Source "lmi"]
[SourceDate "2013.01.22"]

1. d4 Nc6 2. Nf3 d5 3. c4 Bg4 4. e3 e6 5. Be2 Nf6 6. Nc3 Bb4 7. O-O O-O 8. Na4
dxc4 9. Bxc4 e5 10. Be2 e4 11. Nd2 Bf5 12. a3 Bd6 13. b4 b6 14. Bb2 Ne7 15. Nc4
Nfd5 16. Rc1 Ng6 17. Nxd6 Qxd6 18. Nc3 Nxc3 19. Rxc3 Bd7 20. Qc2 f5 21. Rxc7 f4
22. exf4 Nxf4 23. Bc4+ Kh8 24. Bb3 Bb5 25. d5 Rg8 26. Rd1 Qg6 27. g3 Ne2+ 28.
Kg2 Qg4 29. Rf7 Rac8 30. Qd2 Rcf8 31. Rxf8 Rxf8 32. Qe3 Rf3 33. Qh6 Rxb3 34.
Be5 Qf3+ 35. Kh3 Qf5+ 36. Kg2 Qxe5 37. Qh4 h6 38. d6 Rd3 0-1

[Event "Tradewise Gibraltar Chess Festival 2013"]
[Site "Gibraltar ENG"]
[Date "2013.01.31"]
[Round "10.101"]
[White "Skrabakova, Katarina"]
[Black "Viana, Eduardo Escudeiro"]
[Result "1/2-1/2"]
[WhiteElo "1991"]
[BlackElo "1600"]
[PlyCount "103"]
[EventDate "2013.01.22"]
[EventType "swiss"]
[EventRounds "10"]
[EventCountry "ENG"]
[Source "lmi"]
[SourceDate "2013.01.22"]

1. e4 c5 2. Nf3 d6 3. d4 cxd4 4. Nxd4 Nf6 5. Nc3 a6 6. Be2 e6 7. O-O b5 8. Bf3
e5 9. Nb3 Be7 10. a3 O-O 11. Be2 Bb7 12. f3 Qb6+ 13. Kh1 Nbd7 14. Qd3 Nc5 15.
Nxc5 Qxc5 16. Be3 Qc7 17. Rfd1 Rfd8 18. Qd2 Rab8 19. Qe1 Ba8 20. Rd2 Bf8 21.
Qf2 Be7 22. a4 b4 23. Nd5 Bxd5 24. exd5 Qb7 25. Bd3 a5 26. Rad1 Bf8 27. Bg5 Be7
28. Qh4 h6 29. Bxf6 Bxf6 30. Qe4 g6 31. h4 Kg7 32. h5 Bg5 33. Re2 f5 34. Qc4
Rdc8 35. Qb3 Qe7 36. hxg6 Bf4 37. g3 Bxg3 38. Bxf5 Qh4+ 39. Kg1 Rf8 40. Be4 Rf4
41. Qc4 Qd8 42. Qa6 Rc8 43. Rb1 Rh4 44. c3 b3 45. Qb7+ Rc7 46. Qb6 h5 47. Rg2
Bf4 48. Qxb3 Be3+ 49. Kf1 Rh1+ 50. Ke2 Rxb1 51. Bxb1 Bc5 52. Qc4 1/2-1/2

[Event "Tradewise Gibraltar Chess Festival 2013"]
[Site "Gibraltar ENG"]
[Date "2013.01.31"]
[Round "10.102"]
[White "Piovar, Jaroslav"]
[Black "Campos Calvo-Sotelo, Juan"]
[Result "0-1"]
[WhiteElo "1536"]
[BlackElo "1978"]
[PlyCount "88"]
[EventDate "2013.01.22"]
[EventType "swiss"]
[EventRounds "10"]
[EventCountry "ENG"]
[Source "lmi"]
[SourceDate "2013.01.22"]

1. d4 b5 2. e4 a6 3. a4 Bb7 4. Nf3 e6 5. axb5 axb5 6. Rxa8 Bxa8 7. Bxb5 Bxe4 8.
Bd3 Bb7 9. O-O Nf6 10. Re1 Nc6 11. c3 Be7 12. Ne5 d6 13. Nxc6 Bxc6 14. Bg5 h6
15. Bh4 Qa8 16. f3 g5 17. Bg3 Nh5 18. Bf2 Nf4 19. Be4 h5 20. Bxc6+ Qxc6 21. Be3
Rg8 22. Rf1 Nd5 23. Bd2 f5 24. Qe2 Kf7 25. Re1 Rg6 26. c4 Nf4 27. Bxf4 gxf4 28.
d5 Qc5+ 29. Kf1 e5 30. Nc3 h4 31. h3 Rg3 32. Qd2 Qxc4+ 33. Kg1 Bg5 34. Qc2 e4
35. fxe4 f3 36. Qf2 Rxg2+ 37. Qxg2 fxg2 38. Kxg2 Bd2 39. Rf1 Bxc3 40. bxc3
Qxe4+ 41. Kg1 f4 42. Rd1 f3 43. Rd4 Qe3+ 44. Kh2 Qf2+ 0-1

[Event "Tradewise Gibraltar Chess Festival 2013"]
[Site "Gibraltar ENG"]
[Date "2013.01.31"]
[Round "10.105"]
[White "Diaz Montenegro, Ignacio"]
[Black "Sevillano Leal, Julio"]
[Result "1/2-1/2"]
[WhiteElo "1987"]
[BlackElo "1807"]
[PlyCount "60"]
[EventDate "2013.01.22"]
[EventType "swiss"]
[EventRounds "10"]
[EventCountry "ENG"]
[Source "lmi"]
[SourceDate "2013.01.22"]

1. Nf3 Nf6 2. b3 e6 3. e3 c5 4. Bb2 Be7 5. Be2 O-O 6. O-O d5 7. c4 b6 8. d4 Bb7
9. Nbd2 Nc6 10. Rc1 Rc8 11. a3 Re8 12. h3 cxd4 13. exd4 Bf8 14. Re1 h6 15. Bf1
g6 16. g3 Bg7 17. Bg2 Nd7 18. cxd5 exd5 19. Rxe8+ Qxe8 20. Qe1 Qxe1+ 21. Rxe1
Nf6 22. g4 Re8 23. Rxe8+ Nxe8 24. Kf1 Nf6 25. Ke1 Kf8 26. Bf1 Ke7 27. Bd3 Nd7
28. Bc2 Nd8 29. Ke2 Ne6 30. Kf1 Kf8 1/2-1/2

[Event "Tradewise Gibraltar Chess Festival 2013"]
[Site "Gibraltar ENG"]
[Date "2013.01.31"]
[Round "10.106"]
[White "Candano Gonzalez, Alvaro"]
[Black "Cebada Benitez, Fernando"]
[Result "0-1"]
[WhiteElo "1717"]
[BlackElo "1958"]
[PlyCount "82"]
[EventDate "2013.01.22"]
[EventType "swiss"]
[EventRounds "10"]
[EventCountry "ENG"]
[Source "lmi"]
[SourceDate "2013.01.22"]

1. e4 d6 2. d4 Nf6 3. Nc3 g6 4. Bc4 Bg7 5. Qe2 e5 6. dxe5 dxe5 7. Bg5 c6 8. Nf3
Qc7 9. O-O-O O-O 10. h4 Bg4 11. Qe3 Nbd7 12. Bh6 Nh5 13. Bxg7 Kxg7 14. Rxd7
Bxd7 15. Rg1 b5 16. Bd3 Qd6 17. g4 Nf4 18. h5 Qf6 19. g5 Nxd3+ 20. cxd3 Qf4 21.
h6+ Kg8 22. Qxf4 exf4 23. Ne5 Rad8 24. d4 f6 25. Nd3 fxg5 26. Rxg5 a5 27. f3
Be6 28. Nc5 Bf7 29. Ne2 Bc4 30. Kd2 Bxe2 31. Kxe2 Kf7 32. Kd3 Kf6 33. Rg4 Ke7
34. e5 Rf5 35. Ke4 Rdf8 36. Rh4 Rh5 37. Rxh5 gxh5 38. Nd3 h4 39. Nf2 Rg8 40.
Ng4 h3 41. Nf6 Rg2 0-1

[Event "Tradewise Gibraltar Chess Festival 2013"]
[Site "Gibraltar ENG"]
[Date "2013.01.31"]
[Round "10.107"]
[White "Othman, Mustapha"]
[Black "Berggren, Klas"]
[Result "1-0"]
[WhiteElo "1878"]
[BlackElo "1523"]
[PlyCount "57"]
[EventDate "2013.01.22"]
[EventType "swiss"]
[EventRounds "10"]
[EventCountry "ENG"]
[Source "lmi"]
[SourceDate "2013.01.22"]

1. e4 e5 2. Nf3 Nc6 3. Bc4 Nf6 4. Ng5 d5 5. exd5 Na5 6. Bb5+ c6 7. dxc6 bxc6 8.
Qf3 Qb6 9. Ba4 Bd6 10. Nc3 O-O 11. O-O Bg4 12. Qe3 Rac8 13. h3 Bf5 14. d3 Nd5
15. Nxd5 cxd5 16. Qxb6 axb6 17. f4 h6 18. fxe5 Bc5+ 19. Kh1 Be6 20. Nxe6 fxe6
21. Bf4 Nc6 22. c3 Be7 23. Bg3 Rfd8 24. Rf3 Na7 25. Bf2 b5 26. Bb3 Nc6 27. Re1
b4 28. c4 Nd4 29. Bxd4 1-0

[Event "Tradewise Gibraltar Chess Festival 2013"]
[Site "Gibraltar ENG"]
[Date "2013.01.31"]
[Round "10.109"]
[White "Henrichsen, Jens"]
[Black "Diaz Gallego, Saul"]
[Result "1-0"]
[WhiteElo "1957"]
[BlackElo "1655"]
[PlyCount "81"]
[EventDate "2013.01.22"]
[EventType "swiss"]
[EventRounds "10"]
[EventCountry "ENG"]
[Source "lmi"]
[SourceDate "2013.01.22"]

1. d4 Nf6 2. Nf3 e6 3. c4 d5 4. Nc3 Bb4 5. Qa4+ Nc6 6. e3 O-O 7. Bd2 Bxc3 8.
Bxc3 Ne7 9. Qc2 a6 10. Rc1 c6 11. Bd3 dxc4 12. Bxc4 b5 13. Bd3 h6 14. O-O Bb7
15. Rfd1 Ned5 16. Bd2 a5 17. a4 Rc8 18. Qb3 b4 19. Ne5 Nd7 20. Nc4 N7f6 21. e4
Ne7 22. e5 Ne8 23. Bb1 c5 24. Qg3 Kh8 25. dxc5 Bd5 26. Nd6 Nxd6 27. exd6 Ng8
28. Bf4 Qd7 29. Be5 f5 30. Qg6 Nf6 31. Rd4 Qxa4 32. Rh4 Rxc5 33. Rxh6+ Kg8 34.
Re1 Qc6 35. Rh7 Qd7 36. Bxf6 Rxf6 37. Qh5 Rh6 38. Qxh6 gxh6 39. Rxd7 Rc8 40. h4
Bc6 41. Rc7 1-0

[Event "Tradewise Gibraltar Chess Festival 2013"]
[Site "Gibraltar ENG"]
[Date "2013.01.31"]
[Round "10.110"]
[White "Colompar, Ladislau-Alexandru"]
[Black "Dennis, Nigel W"]
[Result "0-1"]
[WhiteElo "1790"]
[BlackElo "1904"]
[PlyCount "93"]
[EventDate "2013.01.22"]
[EventType "swiss"]
[EventRounds "10"]
[EventCountry "ENG"]
[Source "lmi"]
[SourceDate "2013.01.22"]

1. d4 Nf6 2. c4 g6 3. Nc3 Bg7 4. e4 d6 5. Be3 O-O 6. h3 e5 7. d5 Nbd7 8. Nge2
Nc5 9. Qc2 a5 10. g4 Bd7 11. Ng3 b6 12. Be2 c6 13. Qd2 cxd5 14. cxd5 Qe7 15.
Bh6 b5 16. f3 b4 17. Nd1 b3 18. a3 Rfc8 19. h4 Na4 20. h5 Rc2 21. Qe3 Nxb2 22.
Bxg7 Kxg7 23. hxg6 fxg6 24. Qxb3 Ba4 25. Qe3 Rb8 26. Qh6+ Kg8 27. g5 Ne8 28.
Ne3 Rc3 29. Nef5 Qa7 30. Qh3 gxf5 31. Nxf5 Nd3+ 32. Bxd3 Rxd3 33. Qh6 Re3+ 34.
Kf2 Rb2+ 35. Kg3 Rxf3+ 36. Kxf3 Qf2+ 37. Kg4 Qf4+ 38. Kh5 Qf3+ 39. Kh4 Qxe4+
40. Kh5 Qf3+ 41. Kh4 Qf4+ 42. Kh5 Nf6+ 43. Qxf6 Be8+ 44. g6 Bxg6+ 45. Qxg6+
hxg6+ 46. Kxg6 Rg2+ 47. Kf6 0-1

[Event "Tradewise Gibraltar Chess Festival 2013"]
[Site "Gibraltar ENG"]
[Date "2013.01.31"]
[Round "10.111"]
[White "Iglesias Fernandez, Luis"]
[Black "Savage, Neil"]
[Result "1-0"]
[WhiteElo "1862"]
[BlackElo "1620"]
[PlyCount "103"]
[EventDate "2013.01.22"]
[EventType "swiss"]
[EventRounds "10"]
[EventCountry "ENG"]
[Source "lmi"]
[SourceDate "2013.01.22"]

1. c4 Nf6 2. g3 d5 3. cxd5 Nxd5 4. Bg2 g6 5. Qb3 Nb6 6. Qc3 f6 7. h4 e5 8. h5
g5 9. d3 Bd6 10. Na3 Qe7 11. Bd2 Na6 12. Nc4 Nxc4 13. Qxc4 Bb4 14. Rc1 Bxd2+
15. Kxd2 Qd6 16. Bd5 Qb4+ 17. Qxb4 Nxb4 18. Bb3 c6 19. f4 Ke7 20. fxe5 fxe5 21.
Nf3 Kf6 22. Rhf1 e4 23. dxe4 Bg4 24. e5+ Ke7 25. Nxg5 Bxh5 26. Bf7 Rad8+ 27.
Ke1 Bg6 28. Bxg6 hxg6 29. Rf7+ Ke8 30. Rc4 Nxa2 31. Rxb7 Rh1+ 32. Kf2 Rh5 33.
Rh4 Rd7 34. Rxh5 Rxb7 35. Rh8+ Kd7 36. Rh7+ Kc8 37. Rxb7 Kxb7 38. Ne6 Nb4 39.
Nf8 g5 40. Nh7 a5 41. Nxg5 a4 42. Ne4 Na6 43. g4 Kc8 44. g5 Kd7 45. Kf3 Ke6 46.
Kf4 Nc7 47. Nc3 Kf7 48. Kf5 Ne6 49. g6+ Ke7 50. e3 Ng7+ 51. Ke4 Ke6 52. Nxa4
1-0

[Event "Tradewise Gibraltar Chess Festival 2013"]
[Site "Gibraltar ENG"]
[Date "2013.01.31"]
[Round "10.113"]
[White "Collins, Andrew"]
[Black "Kuenitz, Klaus"]
[Result "1-0"]
[WhiteElo "1638"]
[BlackElo "1643"]
[PlyCount "48"]
[EventDate "2013.01.22"]
[EventType "swiss"]
[EventRounds "10"]
[EventCountry "ENG"]
[Source "lmi"]
[SourceDate "2013.01.22"]

1. e4 e6 2. d4 d5 3. Nc3 Nf6 4. e5 Nfd7 5. f4 c5 6. Nf3 cxd4 7. Nxd4 Nc6 8. Be3
Nxd4 9. Bxd4 Bc5 10. Bxc5 Nxc5 11. Bb5+ Bd7 12. Qg4 O-O 13. O-O Bxb5 14. Nxb5
Ne4 15. Rf3 Nd2 16. Rg3 g6 17. Nd6 Nc4 18. Nxc4 dxc4 19. Rd1 Qc7 20. Qe2 Qc5+
21. Qe3 Qa5 22. Rh3 Qxa2 23. f5 Qxb2 24. Qh6 Qxe5 1-0

[Event "Tradewise Gibraltar Chess Festival 2013"]
[Site "Gibraltar ENG"]
[Date "2013.01.31"]
[Round "10.115"]
[White "Kvisla, Johannes Luangtep"]
[Black "Stewart, Ashley"]
[Result "1-0"]
[WhiteElo "2148"]
[BlackElo "2040"]
[PlyCount "95"]
[EventDate "2013.01.22"]
[EventType "swiss"]
[EventRounds "10"]
[EventCountry "ENG"]
[Source "lmi"]
[SourceDate "2013.01.22"]

1. Nf3 c5 2. c4 g6 3. d4 cxd4 4. Nxd4 Bg7 5. e4 Nc6 6. Nc2 Nf6 7. Nc3 d6 8. Be2
O-O 9. O-O Nd7 10. Bd2 a5 11. Qc1 Nc5 12. Bh6 f5 13. Bxg7 Kxg7 14. exf5 Bxf5
15. Ne3 Bd7 16. Qd2 Ne6 17. Bg4 a4 18. Ncd5 Kg8 19. f4 Qa5 20. Qxa5 Rxa5 21.
Nb6 h5 22. Nxd7 hxg4 23. Nxf8 Nxf8 24. Nxg4 Ne6 25. f5 Nf8 26. fxg6 Nxg6 27.
Rf5 Nce5 28. Nxe5 dxe5 29. g3 Rc5 30. b3 Kg7 31. Raf1 axb3 32. axb3 b5 33. h4
bxc4 34. h5 Nh8 35. bxc4 Rxc4 36. Rxe5 Rc7 37. Re6 Rd7 38. Kg2 Rd2+ 39. Rf2 Rd7
40. g4 Ra7 41. Kg3 Ra3+ 42. Rf3 Ra7 43. g5 Rd7 44. Kg4 Rd4+ 45. Rf4 Rd7 46. h6+
Kg8 47. g6 Ra7 48. Rb4 1-0